[Event "Minneapolis HB Global op"]
[Site "Minneapolis"]
[Date "2005.05.22"]
[Round "8"]
[White "Vasquez Schroder, Rodrigo Rafael"]
[Black "Contreras Rodriguez, Henry"]
[Result "1-0"]
[WhiteElo "2551"]
[BlackElo "2323"]
[Annotator "Gofshtein,L"]
[PlyCount "59"]
[EventDate "2005.05.18"]
[EventType "swiss"]
[EventRounds "9"]
[EventCountry "USA"]
[SourceTitle "CBM 107"]
[Source "ChessBase"]
[SourceDate "2005.08.01"]
[SourceVersion "1"]
[SourceVersionDate "2005.08.01"]
[SourceQuality "1"]

{[%mdl 4]} 1. e4 c5 2. Nf3 d6 3. d4 cxd4 4. Nxd4 Nf6 5. Nc3 a6 6. Bg5 e6 7. f4
Be7 8. Qf3 h6 9. Bh4 Nbd7 10. O-O-O Qc7 11. Be2 {A relatively rare line. The
main line is 11.Bd3.} b5 12. Bxf6 Nxf6 (12... Bxf6 13. Bxb5 $1 $40) (12... gxf6
13. f5 Ne5 14. Qh5 $16) 13. e5 Bb7 14. Qg3 dxe5 15. fxe5 Nd7 (15... Nd5 16.
Nxe6 fxe6 17. Qg6+ Kd7 18. Bg4 Qxe5 19. Nxd5 Bxd5 20. Rxd5+ Qxd5 21. Rd1 $16 {
1-0 Zwaig,A-Bednarski,J/Tel Aviv 1964/MCD (48)}) (15... Ne4 16. Nxe6 Qxc3 (
16... fxe6 17. Qg6+ Kf8 18. Rhf1+ Kg8 19. Qxe6+ $18) 17. Nxg7+ Kf8 18. Ne6+ Ke8
19. Qxc3 Nxc3 20. Nc7+ Kf8 21. bxc3 Rc8 22. Nd5 $14 {Neumann-Kaldor,1971
Netania}) 16. Nxe6 $5 {White is almost forced to take strong measures, because
in case of a calm play Black easily gets a comfortable game.} (16. Qxg7 Qxe5
17. Nxe6 $2 Bf6 18. Qg4 Qxe6 19. Rhe1 O-O-O 20. Qh5 Bg5+ 21. Kb1 Nf6 {0-1
Simoli,S-Bulajic,R/Novi Sad 1989/EXT 2000 (21)}) (16. Bf3 Bxf3 17. Nxf3 O-O 18.
Ne4 Rac8 $132 {0-1 Forato,P-Mogranzini,R/Paderno del Grappa 2000/EXT 2001 (28)}
) 16... fxe6 17. Bh5+ $5 {As the game below shows, Black can gain a draw after
17.Qg6+ by accurate defense.} (17. Qg6+ Kd8 18. Qxe6 Re8 19. Kb1 Bf6 20. Qf7
Re7 21. Qg8+ Re8 22. Qf7 Re7 {1/2-1/2 Quinteros,M-Ostermeyer,P/Hannover 1983/
MCL (22)}) 17... Kd8 18. Qxg7 Rf8 {[%cal Rh5g4,Gg4e6]} 19. Bg4 {By activating
the rook white strengthens the pressure.} Qc5 $146 (19... Qc4 20. Rxd7+ Kxd7
21. Rd1+ Kc7 (21... Kc6 22. Qxe7 Qf4+ 23. Kb1 Qxe5 24. Bf3+ Rxf3 25. gxf3 $18 {
1/2-1/2 Huchwajda,L-Tomczak,R/Augustow 1996/EXT 2003 (41)}) 22. Qxe7+ Kb6 23.
Rd6+ $40 {1-0 Brkic,A-Markovic,D/Bizovac 2003/CBM 092 ext (53)}) (19... Bxg2
20. Rhg1 Bc6 21. Bxe6 $40) 20. Bxe6 Bc6 21. Bxd7 Bxd7 22. Qg4 Bd6 (22... Ra7
23. e6 Rf2 24. Qe4 $18) 23. Qe4 $18 Bc6 24. Qg6 {White has a large material
and positional advantage.} Kc7 25. Rxd6 Rae8 26. Rhd1 Kb7 27. Qxh6 b4 28. Nd5
Rc8 29. Qe3 Bxd5 30. Qxc5 1-0

[Event "Bundesliga 0203"]
[Site "Germany"]
[Date "2003.03.29"]
[Round "14.8"]
[White "Rudolf, Henrik"]
[Black "Bromberger, Stefan"]
[Result "0-1"]
[WhiteElo "2348"]
[BlackElo "2417"]
[Annotator "Gofshtein,L"]
[PlyCount "72"]
[EventDate "2002.10.19"]
[EventType "team-tourn"]
[EventRounds "15"]
[EventCountry "GER"]
[SourceTitle "CBM 095"]
[Source "ChessBase"]
[SourceDate "2003.07.25"]
[SourceVersion "1"]
[SourceVersionDate "2003.07.25"]
[SourceQuality "1"]
[WhiteTeam "Neukoelln"]
[BlackTeam "Tegernsee"]
[WhiteTeamCountry "GER"]
[BlackTeamCountry "GER"]

1. e4 c5 2. Nf3 d6 3. d4 cxd4 4. Nxd4 Nf6 5. Nc3 a6 6. Bg5 e6 7. f4 Be7 8. Qf3
Nbd7 9. O-O-O Qc7 10. g4 {This variation was popular in 60s; Nowdays, 10.Bd3
is played more frequently;} b5 11. Bxf6 Nxf6 12. g5 Nd7 13. f5 {Well- known
pawn sacrifice; White receives clear advantage if black accepts it;} Nc5 {
One of main continuations in this opening line;} (13... Bxg5+ 14. Kb1 Ne5 15.
Qh5 Bf6 16. fxe6 O-O $14) 14. f6 gxf6 15. gxf6 Bf8 16. Rg1 {Natural move-
white gets the rook into play;} h5 {Prophylactic move; Black just takes care
of eventual Qh5 of white;} 17. a3 Nd7 $5 $146 {[%mdl 8] This move is an
interesting theoretical movelty; Black is transferring the knight to activer
outpost; In addition, black puts a pressure on f6 pawn; 17... Bd7 deserves
attention as well, as it has been played in the game mentioned below:} (17...
Rb8 $6 18. e5 d5 19. Bh3 b4 20. axb4 Rxb4 21. Nxd5 exd5 22. Bxc8 Ne4 23. Nb3
Qxc8 24. Rxd5 Rc4 25. Rgd1 Rg8 26. Kb1 {1-0 Wolff,P-McKenna,G/Philadelphia
1990/EXT 97 (26)}) (17... Bd7 $5 18. Bh3 Na4 19. Nxa4 bxa4 20. e5 Rc8 $132 {
1/2-1/2 Zapata,A-Gruenfeld,Y/Palma de Mallorca 1989/TD (55)}) 18. e5 {White is
trying to refute the play of black by openning the game up;} Bb7 19. Qh3 Nxe5 (
19... O-O-O $5) 20. Rg7 {White could've sacrificed a piece by 20.Nxe6, but
even in that case white doesn't get any clear advantage as it's proven in the
following line:} (20. Nxe6 Bh6+ 21. Kb1 fxe6 22. Qxe6+ Kf8 23. Be2 Re8 24. Qh3)
20... Qd8 {20...Bxg7 is just too dangerous for black:} (20... Bxg7 $6 21. fxg7
Rg8 22. Nxe6 Qc8 23. Rxd6 Ke7 24. Rb6 fxe6 25. Qh4+ Ke8 26. Qf6 $36) 21. Nxe6
Qxf6 22. Nc7+ Kd8 23. Nxa8 {After the series of only moves, the position has
been simpified and black has got rid of white's initiative;} Qxg7 24. Nb6 Qg4
$5 {Natural move- black is trying to trade the active queen of black;} 25. Qe3
Qf3 26. Qe1 Ng4 27. Nbd5 Bh6+ 28. Kb1 Re8 29. Qh4+ f6 30. Nxf6 $6 {This was
necessary to get the bishop in to the play by 30.Bh3; The fight is on after
that move;} (30. Bh3 $1) 30... Nxf6 31. Rxd6+ $6 {Decisive mistake- 31.Bg2
would've make the game balanced;} (31. Bg2 $5 Qxg2 (31... Qf4 32. Qxf4 Bxf4 33.
Bxb7 $11) 32. Qxf6+ Kc8 33. Qxh6 Qxh2 $132) 31... Ke7 32. Qb4 $2 {More
resistant was 36.Bg2, although in that case white's advantage is obvious;} (32.
Bg2 Qf4 33. Qxf6+ Qxf6 34. Rxf6 Kxf6 35. Bxb7 Re1+) 32... Kf7 33. Bd3 Bf8 34.
Qb3+ Kg7 35. Re6 Bd5 36. Nxd5 Rxe6 0-1

[Event "Bundesliga 0405"]
[Site "Germany"]
[Date "2004.11.28"]
[Round "4.2"]
[White "Ginsburg, Gennadij"]
[Black "Kempinski, Robert"]
[Result "1/2-1/2"]
[WhiteElo "2481"]
[BlackElo "2608"]
[Annotator "Gofshtein,L"]
[PlyCount "85"]
[EventDate "2004.11.12"]
[EventType "team-tourn"]
[EventRounds "15"]
[EventCountry "GER"]
[SourceTitle "CBM 105"]
[Source "ChessBase"]
[SourceDate "2005.04.11"]
[SourceVersion "1"]
[SourceVersionDate "2005.04.11"]
[SourceQuality "1"]
[WhiteTeam "Hofheim"]
[BlackTeam "Hamburger SK"]
[WhiteTeamCountry "GER"]
[BlackTeamCountry "GER"]

1. e4 c5 2. Nf3 d6 3. d4 cxd4 4. Nxd4 Nf6 5. Nc3 a6 6. Bg5 e6 7. f4 Be7 8. Qf3
Qc7 9. O-O-O Nbd7 10. g4 {: Another possibility in this position is 10.Bd3} h6
{the mane line in this variation is 10...b5 11.Bf6 Nf6 12.g5 Nd7} 11. Bxf6 {
White exchanges his dark squared bishop but instead gets the opportunity of an
immideate advance on the king side.} Bxf6 12. h4 Qb6 {[%cal Rf6d4,Rb6d4] Black
immideatly attacks the central white knight and drives it off the centre.} (
12... b5 $2 13. Bxb5 $1 axb5 14. Ndxb5 Qc6 15. Rxd6 $40) 13. Nde2 Be7 {Black
retreats his bishop in advance. 13...Nc5 looks logical trying to finish the
development and preparing a long castle. In this case white has a small but a
stable edge. Another possibility is 13...g5 which looks very interesting.
Black got a nice counterplay in a game below.} (13... g5 $5 14. e5 (14. hxg5
hxg5 15. Rxh8+ Bxh8 16. Qh3 Bg7 $36 {1/2-1/2 Giles,M-De Fotis,G/Illinois 1986/
EXT 2001 (71)}) 14... dxe5 15. fxg5 e4 16. Qxe4 hxg5 17. h5 Ne5 18. Nd4 Bd7 19.
Rh3 O-O-O $132 {1-0 Molvig,H-Kristensen,K/Copenhagen 1995/CBM 45 ext (43)}) 14.
Ng3 $146 {[%cal Rg3h5,Yg4g5,Yf1d3][%mdl 8] White transfers the knight to amore
active spot. An immideate 14.g5 was also tried} (14. g5 hxg5 (14... Nf8 $146 {.
} 15. Rg1 hxg5 16. hxg5 Ng6 17. Qg3 $36 {1-0 Kupreichik,V-Jaracz,P/Istanbul
2003/CBM 096/[Gofshtein,L] (37)}) 15. hxg5 Rxh1 16. Qxh1 Nf8 17. Kb1 $36 {
0-1 Bluvshtein,M-Kempinski,R/Moscow 2004/EXT 2005 (39)}) 14... Nf8 {A typical
move for this position. Black brings the knight to protect the kingside.
Besides, he frees the d7 square for the bishop} 15. Bc4 $36 {[%cal Rc4e6]
Finishing the development and bringing the bishop to an active position} Ng6
16. Nf5 $5 {[%mdl 512] White uses drastic remedy - he sacrifices the knight} (
16. g5 $5 hxg5 17. hxg5 Rxh1 18. Rxh1 Bd7) 16... exf5 17. exf5 $36 Nxh4 18. Qe4
{White strengthens his pressure, not letting black to castle} (18. Qd5 $2 O-O)
18... Qd8 19. Nd5 $40 {White's pieces are totally dominating. Besides the
black knight is also out of play. White has compensation for the sacrifices
piece} Kf8 20. Rde1 {[%cal Rd5e7,Re4e7]} Nxf5 {Black is forced to give the
knight back in order to minimize white's pressure} (20... Bf6 21. Nxf6 gxf6 22.
Rxh4 $40) 21. gxf5 Bf6 22. Nxf6 $1 {Totally corrupting black's pawn structure}
gxf6 23. Rhg1 {[%cal Rg1g8] Bringing the rook to a more active position.
White's pieces are extremely active and the black king under heavy fire} Rg8
24. Qh1 {[%cal Rh1h6] Simpler is 24.Qd5 with an immideate win} (24. Qd5 $1 Qd7
25. Re8+ $1 Qxe8 26. Qxd6+ Qe7 27. Rxg8+ Kxg8 28. Qxe7 $18) 24... Rxg1 25.
Qxh6+ Rg7 26. Rg1 Ke8 27. Qxg7 {In spite of the mistake white made he still
has a strong attack} Qe7 28. Kd2 {[%cal Rg1e1]} (28. Bxf7+ $5 Kd8 29. Be6 Qxg7
30. Rxg7 Rb8 31. Kd2 $18) (28. Qg3 Kd8 29. Bd5 $36) 28... d5 29. Bd3 {29.Re1
deserved attention winning the queen and despite some technical difficulties
white should win} (29. Re1 $5 dxc4 30. Rxe7+ Kxe7 31. Qg2 Kf8 32. Kc3 Rb8 33.
Qd5 Kg7 34. Kxc4 b5+ 35. Kc5 Bb7 36. Qd3) 29... Kd8 30. Re1 (30. c3 $5 Kc7 31.
Rg6 Kb8 32. Rxf6 Qc7 33. Rxf7 Qxf4+ 34. Kd1 Qa4+ $16) 30... Qb4+ 31. Kd1 Kc7
32. Re8 (32. Qxf7+ $5 Bd7 33. Qxf6 Qxf4 34. Qc3+ Kb6 35. Rf1) 32... Qxf4 33.
Qxf7+ $2 {White is falling in a trap and has to be satisfied with a draw. 33.
Qf6 gave him good chances for a win} (33. Qxf6 $5 Qg4+ 34. Kd2 Qf4+ 35. Kc3 Qd6
36. Qe7+ Qd7 37. Kd4 $18) 33... Bd7 $1 34. Rxa8 Qf3+ 35. Kd2 Qf2+ 36. Kc3 Qc5+
37. Kb3 Qb6+ 38. Kc3 Qc5+ 39. Kd2 Qf2+ 40. Kd1 Qg1+ 41. Ke2 Qg2+ 42. Ke1 Qg3+
43. Kd2 1/2-1/2

[Event "FIDE-Wch k.o."]
[Site "Tripoli"]
[Date "2004.06.20"]
[Round "1.5"]
[White "Vasquez Schroder, Rodrigo Rafael"]
[Black "Vallejo Pons, Francisco"]
[Result "0-1"]
[WhiteElo "2523"]
[BlackElo "2666"]
[Annotator "Gofshtein,L"]
[PlyCount "106"]
[EventDate "2004.06.19"]
[EventType "k.o."]
[EventRounds "7"]
[EventCountry "LBY"]
[SourceTitle "CBM 102"]
[Source "ChessBase"]
[SourceDate "2004.09.23"]
[SourceVersion "1"]
[SourceVersionDate "2004.09.23"]
[SourceQuality "1"]

1. e4 c5 2. Nf3 d6 3. d4 cxd4 4. Nxd4 Nf6 5. Nc3 a6 6. Bg5 e6 7. f4 Be7 8. Qf3
Qc7 9. O-O-O Nbd7 10. g4 {The other popular move in this position is 10.Bd3} b5
11. Bxf6 Nxf6 12. g5 Nd7 13. f5 Nc5 {Another direction of defence is 13...
Bg5+14.Kb1Ne5 15.Qh5 Qd8! with good counterplay for black} 14. f6 gxf6 15. gxf6
Bf8 16. Rg1 {[%cal Rg1g7] A natural move, white brings the rook to the game} h5
{Taking the h5 square from the white queen} 17. Rg7 {White continues to put
pressure} b4 {Practically inviting white to sacrifice the knight} (17... Bxg7
$2 18. fxg7 Rg8 19. Ndxb5 axb5 20. Nxb5 $18) 18. Nd5 $8 (18. Nce2 Bb7 $36)
18... exd5 19. exd5 Nd7 {[%cal Rd7e5] The knight is transfered to e5 in order
to close the e-file from the attack. 19...Bg4 looks dangerous, white has a
dangerous initiative in this case} (19... Bg4 20. Re1+ Kd8 21. Qf4 Kc8 22. Ne6
fxe6 23. Rxc7+ Kxc7 24. Qxb4 e5 25. Qa5+ $36 Kd7 {Stenzel-Mirabile, 46th
Nassau Grand Prix 1995}) 20. Nc6 {20.Ne6 seems strong but as the tournament
practice shows it's not enough} (20. Ne6 fxe6 $5 21. dxe6 Ne5 22. Qxa8 Bxg7 23.
fxg7 Rg8 24. Bxa6 Ke7 25. Bxc8 Qxc8 26. Qe4 Qc4 {Stenzel-Mirabile, 14th
Freeport Spring Swiss 1997} (26... Qxe6 {Wieck-Mirabile, 31st Nassau Futurity
1997})) 20... Bb7 $5 {Attacking the dangerous knight. In the future black
would try to exchange it, reducing whiet's attacking potential. The immideate
20...Ne5 is bad as the variations show} (20... Ne5 {?} 21. Nxe5 dxe5 22. d6 Bb7
23. Qb3 Bxd6 24. Rxd6 Qxd6 25. Qxf7+ Kd8 26. Qxb7 Rb8 27. Qf7 $36) 21. Bh3 Bxc6
{21...Ne5 deserved attention and as the next lines show black can handle
white's attack and stays with an extra material.} (21... Ne5 $5 22. Re1 Bxc6
23. dxc6 Kd8 (23... Bxg7 24. fxg7 Rg8 25. Qxh5 {?} (25. Qf6 {?} Qe7 26. Qxe7+
Kxe7 27. c7 Kf6 28. c8=Q (28. Rd1 Ng4 $17) 28... Raxc8 29. Bxc8 Rxc8 30. Rd1
Nc4 $17) (25. Bd7+ Ke7 (25... Kd8 {??} 26. Qf6#) 26. Qxh5 Rxg7 27. Qh4+ f6 28.
Qxb4 (28. Qc4 Rf8 29. Qxa6 (29. Qxb4 Rfg8 {- 28 Qxb4 Rag8}) (29. Qe6+ Kd8 $17)
29... Rfg8 30. Qc4 Kd8 31. Qe6 (31. Qxb4 Rxd7 $17) 31... Nxd7 32. cxd7 Qxd7 33.
Qxf6+ Kc7 34. Qd4 Qb5 35. a3 Qb6 36. Qc4+ Qc5 37. Qxb4 Qxb4 38. axb4 Rg1 $17)
28... Rag8 29. Qc4 Kd8 30. Qe6 (30. Qxa6 Rg1 $17) (30. Qf1 Qa5 31. Qxf6+ Kc7
32. Rd1 Qc5 33. Bf5 Rg1 $17) 30... Rf8 $17) 25... Qe7 26. Bd7+ Kd8 27. Kd1 (27.
Kb1 Qf6 $17) (27. Qh7 Qg5+ 28. Kb1 Rxg7 $17 {Mirabile}) 27... Qf6 28. Rg1 Nxd7
29. Qa5+ (29. cxd7 Qd4+ $17) 29... Ke7 30. Re1+ Ne5 31. Qc7+ Ke6 32. Qd7+ Kd5
$17 {Mirabile}) 24. Qe4 Rb8 25. Bd7 Qb6 {1/2-1/2 Nagy,A-Vrbica,L/Slovakia 2001/
EXT 2002 (25)}) 22. dxc6 Ne5 23. Bd7+ Kd8 24. Qe4 Qb6 $5 $146 {[%mdl 8] Only
this move is a novelty. 24...Qa5 was previously played. White has a strong
initiative in that case} (24... Qa5 $6 25. Be6 $1 Kc7 26. Bxf7 Bxg7 27. fxg7
Rhg8 28. Bxg8 Rxg8 29. Rd5 Qxa2 30. Rxe5 dxe5 31. Qxe5+ Kxc6 32. b3 a5 33. Qf6+
Kb7 34. Kd2 Rc8 35. Qe7+ $36 {1-0 Lindberg,B-Sammalvuo,T/Gothenburg 2003/EXT
2004 (66)}) 25. Be6 {With the idea to open the 7th rank for the rook} Kc7 {
Moving the king from the d-file} 26. Bxf7 Nxc6 {Finally black gets rid of the
dangerous pawn on c6} 27. Bd5+ (27. Rh7 Rxh7 28. Qxh7 Qe3+ 29. Kb1 Qh6 $17)
27... Bxg7 28. fxg7 Rhg8 29. Bxg8 {Also in case of 29.Qh7 black defends and
stays with an extra piece} (29. Qh7 Qe3+ 30. Kb1 Qe2 31. Rc1 Ne7 32. Bxa8 Rxa8)
29... Rxg8 30. Qe6 Rxg7 31. Qxd6+ Kb7 $19 {Black has stayed with an extra
piece and a winning position} 32. Qh6 Qc7 33. Qxh5 Rh7 34. Qg4 Qxh2 35. b3 Qe5
{Black centralizes his queen as the first priority} 36. Kb1 Re7 {[%cal Re5e2]
With the threat to exchange queens after 37...Qe2} 37. Rd7+ {White exchanges
the rooks and tries to save the game with the queens on board} Rxd7 38. Qxd7+
Kb6 39. Qc8 Qd6 40. Qf5 Qd1+ 41. Kb2 Qd4+ {By centralizing the queen black
makes it uncomfortable for the white king} 42. Kb1 Na7 $5 {[%cal Ya7b5,Rb5c3,
Yb5a3] Bringing the knight to b5, after that black creates decisive threats}
43. Qe6+ Ka5 44. Qf5+ Nb5 45. Qg5 {White tries to prolong the suffering} Qd1+
46. Kb2 Qd4+ 47. Kb1 Kb6 48. Qh6+ Kc7 49. Qh7+ Qd7 50. Qh2+ Qd6 {This way
black defends against the checks and brings his knight to attack with a
decisive effect} 51. Qg1 Qe5 52. Qf2 Nc3+ 53. Kc1 Qg5+ 0-1

[Event "Corus-C"]
[Site "Wijk aan Zee"]
[Date "2005.01.16"]
[Round "2"]
[White "Pliester, Leon"]
[Black "L'Ami, Erwin"]
[Result "1/2-1/2"]
[WhiteElo "2383"]
[BlackElo "2531"]
[Annotator "Gofshtein,L"]
[PlyCount "117"]
[EventDate "2005.01.15"]
[EventType "tourn"]
[EventRounds "13"]
[EventCountry "NED"]
[EventCategory "7"]
[SourceTitle "CBM 105"]
[Source "ChessBase"]
[SourceDate "2005.04.11"]
[SourceVersion "1"]
[SourceVersionDate "2005.04.11"]
[SourceQuality "1"]

1. e4 {[%mdl 4]} c5 2. Nf3 d6 3. d4 cxd4 4. Nxd4 Nf6 5. Nc3 a6 6. Bg5 e6 7. f4
Be7 8. Qf3 Qc7 9. O-O-O Nbd7 10. g4 {The alternative is 10.Bd3} b5 11. Bxf6
Nxf6 12. g5 Nd7 13. f5 Bxg5+ 14. Kb1 Ne5 15. Qh5 Qe7 16. Nxe6 Bxe6 17. fxe6 g6
18. exf7+ Kxf7 19. Qe2 Kg7 20. Nd5 {A well known variation in the Naidorf
defence has arows. In the last years black usually can get enough counterplay}
Qd8 {20...Qa7 deserves serious attention, as was played in the game Ernst-Van
Wely where black had a fine game} (20... Qa7 $5 {[%cal Ra7g1]} 21. Qg2 Bh6 22.
Be2 Rhf8 23. Rhf1 Kh8 24. Qh3 Bg7 25. Nf4 Rf6 $132 {1/2-1/2 Ernst,T-Van Wely,L/
Reykjavik 1994/CBM 039 ext (60)}) 21. Bh3 $146 {[%cal Rh3c8][%mdl 8]
Transfering the bishop to an active diagonal. Other moves have also been
played, for example:} (21. Qe1 Bh4 (21... Rf8 22. h4 Bh6 23. h5 Rc8 24. hxg6
hxg6 25. Bh3 Rc4 26. Qg1 Nf3 27. Qa7+ Rf7 28. Qxa6 Nd2+ 29. Rxd2 Bxd2 30. Qxb5
Rxe4 $13 {0-1 Berg,E-Ahlander,B/Umea 2003/EXT 2004 (75)}) (21... h5 22. Be2 Rf8
23. Rg1 Kh7 24. Rg2 Bh6 $132 {1/2-1/2 Simacek,P-Berezjuk,S/Czechia 2003/EXT
2004 (36)}) 22. Qc3 (22. Qe3 Rf8 23. Qb6 Qxb6 24. Nxb6 Rad8 $132 25. Bh3 Rf4
26. Nd5 Rxe4 27. Nc7 Kh6 28. Nxa6 Ng4 29. Nc5 {0-1 Pinheiro,A-Leal,P/Portugal
1997/EXT 2001 (29)}) 22... Ra7 23. Qa3 (23. Nf4 Qf6 24. Nd5 Qd8 $132 {0-1
Shutrov-Savon,V/Rostov on Don 1971/EXT 2001 (40)}) 23... Bf2 24. Nf4 Qf6 25.
Nd5 Qd8 26. Nf4 {1/2-1/2 Hellers,F-Howell,J/Groningen 1984/EXT 2000 (26)}) (21.
Qf2 Rf8 22. Qd4 Bh4 23. Be2 Bf2 24. Qd2 Rc8 25. h4 Bxh4 26. Nf4 Qf6 27. Ne6+
Qxe6 28. Rxh4 Rf7 $132 {0-1 Charbonneau,P-Lesiege,A/Montreal 1998/EXT 2000 (39)
}) (21. Qg2 Ra7 22. Be2 Rf8 23. Rhf1 Raf7 24. Rxf7+ Rxf7 25. Rf1 Rxf1+ 26. Qxf1
Qa5 $132 {1/2-1/2 Garcia,E-Stevanec,L/Bled 2002/EXT 2003 (49)}) 21... Ra7 {
[%cal Ra7f7] A typical move in this position. Black transfers the rook to a
more active position} 22. Rhg1 {Activizing the rook and pinning the queen to
the defence of the bishop} Rf7 {[%cal Rf7f3]} 23. Be6 Rf3 24. Bg4 Rf7 25. Be6
Rf3 26. Bg4 {A silent draw offer. Black refuses and plays another move} Rff8
27. a4 {A surprising move, white tries to play on the flank where his king is}
Qa5 $5 (27... bxa4 28. Qxa6 {[%cal Ra6a4]}) 28. Be6 {[%cal Rg1g5]} Nf3 {
[%cal Rf3d2,Rf3g1] A tactical strike, in the result black wins an exchange} (
28... h6 29. Rg3 Re8 30. Bg4 bxa4 $36) 29. b4 {White is forced to give up an
exchange as black's threats could become very dangerous} (29. Rg3 Nd2+ $40) (
29. Rg2 Nd2+ 30. Rxd2 Bxd2) 29... Nxg1 30. Rxg1 Qd8 31. axb5 Re8 {Activizing
the rook, attacking the bishop and the pawn on e4} 32. Qg4 axb5 33. h4 {
White tries to create an attack on the black king as with a normal game
black's material advantage would tell} (33. Bd7 Re5 34. Bxb5 Rf8 $17) 33... Bh6
34. h5 Qg5 {34...Bg5 deserved attention not exchanging queens} (34... Bg5 $5
35. Bd7 Re5 36. hxg6 hxg6 37. Nf4 Qf6 38. Ne6+ Rxe6 39. Qxe6 Qd4 $17) 35. Qxg5
Bxg5 36. Bd7 Re5 37. hxg6 hxg6 (37... Kxg6 $5 38. Bxb5 h5) 38. Bxb5 Bd2 39. Bd3
{White has consolidated his position and has every chance to make a draw
despite the absence of the exchange as his pieces are well placed} Reh5 40. Kb2
g5 {Trying to advance his passed pawn} 41. b5 Rh1 42. Rg2 R8h2 43. Rg4 {
White avoids the exchange of rooks, as his rook stops the black passed pawn}
Kf7 44. b6 Rh8 {White's passed pawn becomes very dangerous, that's why black
brings his rook back} 45. Rg2 R1h2 46. Rxh2 {White exchanges rooks as he's
able to take back the exchange immideatly} Rxh2 47. b7 Rh8 48. Bc4 $1 {
Transfering the bishop for the bishop of the b7 pawn} Rb8 49. Nc7+ {[%cal
Rc7a6]} Kf6 50. Bd5 Be3 {Black defends the rook on time and is going for a
different color bishops ending} 51. Na6 Ba7 52. Nxb8 Bxb8 53. Kc3 g4 54. Kd3
Ke5 55. Ke2 Kf4 56. Kf2 Ba7+ 57. Kg2 Bb8 {Neither of the opponents has a
slightest chance to win, a draw becomes evident} 58. Be6 Ba7 59. c4 1/2-1/2